Statistics for Countries that Import the Most

Click here to take the quiz!

General Stats

  • This quiz has been taken 40 times
  • The average score is 24 of 30

Answer Stats

HintAnswer% Correct
2nd Place: 1,680,278China
100%
1st Place: 2,314,963United States of America
100%
13th Place: 373,820India
97%
7th Place: 583,720Japan
97%
10th Place: 429,847South Korea
97%
9th Place: 448,771Canada
94%
5th Place: 645,544France
94%
4th Place: 650,900United Kingdom
94%
11th Place: 419,502Mexico
91%
19th Place: 223,053Russia
91%
14th Place: 347,010Spain
91%
25th Place: 176,701Brazil
88%
3rd Place: 1,183,472Germany
88%
8th Place: 474,394Italy
88%
21st Place: 208,567Australia
85%
27th Place: 171,029Indonesia
85%
30th Place: 127,758Saudi Arabia
79%
29th Place: 154,199Sweden
79%
24th Place: 198,206Turkey
79%
17th Place: 270,614Poland
76%
12th Place: 385,063Belgium
74%
6th Place: 630,627Netherlands
74%
16th Place: 272,182Switzerland
74%
15th Place: 304,655Singapore
68%
20th Place: 210,714Malaysia
65%
23rd Place: 199,686United Arab Emirates
65%
22nd Place: 203,189Thailand
62%
26th Place: 173,200Austria
59%
18th Place: 258,778Vietnam
59%
28th Place: 168,852Czech Republic
32%

Score Distribution

Percentile by Number Answered

Percent of People with Each Score

Your Score History

You have not taken this quiz